• 首页
  • 本馆介绍
  • 公告通知
  • 最新文献
  • 馆藏检索
  • 电子资源
  • 读者导购
  • 参考咨询
  • 我的图书馆
  • 登录
  • 详细信息显示
  • 放入我的书架
  • 预约/预借图书
  • 作者相关作品
  • 分类相关作品
  • 丛书相关作品
  • 出版社相关作品

书目信息

  • 表格格式
  • 工作单格式
  • 卡片格式
题名:
魍魉世界
    
 
作者: 张恨水 著
分册: 下册  
出版信息: 上海   上海文化出版社  1982
页数: ~679页
开本: 19cm
丛书名:
单 册:
中图分类: I246.57 , I246.5
科图分类:
主题词: 长篇小说--中国--现代
电子资源:
ISBN:
000 00651nam0 2200241 45
001 0182009348
005 20040422105850.5
010    @dCNY1.70
100    @a19950509d1982 em y0chiy0121 ea
101 0  @achi
102    @aCN@b310000
105    @ay z 000ay
106    @ar
200 10 @a魍魉世界@h下册@Awang liang shi jie@f张恨水著
210    @a上海@c上海文化出版社@d1982
215    @a~679页@d19cm
606    @a长篇小说@y中国@z现代
690    @aI246.57@v3
690    @aI246.5
701  0 @a张恨水@Azhang hen shui@4著
801  0 @aCN@b上海图书馆@c20040422
801  2 @aCN@bNLC@c20040422
905    @f1@b133067@f1@b133068@f1@b133065@dI246.5@e52:2
    
    魍魉世界.下册/张恨水著.-上海:上海文化出版社,1982
    ~679页;19cm
    
    
    ISBN :CNY1.70
    
●
相关链接 在E读中查询图书 在五车中查询图书 在当当中查询图书 在豆瓣中查询图书


正题名:魍魉世界     索取号:I246.5/52:2         预约/预借

序号 登录号 条形码 馆藏地/架位号 状态 备注
1 0133064   001620838   密集书库/ [索取号:I246.5/52:2] 在馆    
2 0133065   000179434   第二借阅区/ [索取号:I246.5/52:2] 在馆    
3 0133066   001620437   密集书库/ [索取号:I246.5/52:2] 在馆    
4 0133067   000179443   第二借阅区/ [索取号:I246.5/52:2] 在馆    
5 0133068   000179489   第一样本阅览室/ [索取号:I246.5/52:2] 在馆    
唐山师范学院图书馆 欢迎您!
大连网信软件有限公司© 版权所有